=LDR 00000nam 2200000 4500 =001 INLIS000000000023443 =005 20130612122117 =008 ***********************************ind** =035 ##$$0010-061300000023443 =041 ##$$a ind =082 ##$$a 391.095 986 =090 ##$$a 391.095 986, SAH t =100 ##$$a Sahriah M.Y =245 ##$$a Tradisi berbusana di Sulawesi Selatan, Sahriah M.Y, Abd. Hamid Muchtar =260 ##$$a 1992 $b Sulawesi Selatan =300 ##$$a iii, 41 hlm., ilus., 21 cm =650 ##$$a Pakaian Daerah Sulawesi Selatan =850 ##$$a NBPNMAT